Statistics for Lana Del Rey - Coachella - Woodstock in my Mind

Click here to take the quiz!

General Stats

  • This quiz has been taken 26 times
  • The average score is 374 of 437

Answer Stats

Answer% Correct
A
100%
a
100%
(A
100%
at
100%
Coachella
100%
for?
100%
for
100%
I
100%
In
100%
in
100%
leanin'
100%
on
100%
shoulder
100%
was
100%
what
100%
What
100%
you
100%
your
100%
about
93%
all
93%
All
93%
and
93%
And
93%
children?
93%
children
93%
He
93%
he
93%
Heaven
93%
Heaven)
93%
husband
93%
it
93%
It
93%
me
93%
mind
93%
minute
93%
my
93%
parents?
93%
stairway
93%
stairway)
93%
(Stairway)
93%
(Stairway
93%
swing
93%
the
93%
their
93%
these
93%
to
93%
trade
93%
Watchin'
93%
Woodstock
93%
as
87%
ask
87%
away
87%
baby
87%
be
87%
'cause
87%
'Cause
87%
could
87%
day
87%
fame
87%
give
87%
Him
87%
I'd
87%
if
87%
just
87%
like
87%
Like
87%
love
87%
mine?
87%
of
87%
one
87%
question
87%
so
87%
they
87%
time
87%
children's
80%
climb
80%
cool
80%
crowns
80%
divine
80%
fortune
80%
Got
80%
got
80%
guess
80%
hella
80%
Maybe
80%
night
80%
over
80%
prayer
80%
roses
80%
said
80%
say
80%
shine
80%
take
80%
that
80%
That
80%
third
80%
thought
80%
top
80%
up
80%
way
80%
wear
80%
win
80%
wishes
80%
With
80%
Around
73%
birds
73%
breakin'
73%
contribution
73%
country
73%
down
73%
garland
73%
hair
73%
his
73%
legend
73%
long
73%
mean
73%
mornin'
73%
music
73%
next
73%
off
73%
saw
73%
thoughts
73%
tried
73%
turn
73%
turned
73%
words
73%
would
73%
Wrapped
73%
can
67%
Critics
67%
Doesn't
67%
'em
67%
genius
67%
heads?
67%
hoping
67%
knees
67%
know
67%
lines
67%
little
67%
lost
67%
minds
67%
not
67%
out
67%
put
67%
risin'
67%
send
67%
small
67%
sometimes
67%
them
67%
today?
67%
use
67%
wanna
67%
warnin'
67%
were
67%
why
67%
you've
67%
am
60%
goin'
60%
sit
60%
Tensions
60%
voice
60%
even
53%
lose
53%
Million
53%
million
53%
things
53%
wonderin'
53%
what's
47%
Oh
40%
okay?
40%
Will
40%
na
27%
na)
27%
(Na
27%

Score Distribution

Percentile by Number Answered

Percent of People with Each Score

Your Score History

You have not taken this quiz